All or Nothing Quiz Stats

 Plays Quiz Updated Dec 10, 2018

Support Sporcle.
Go Orange.
Score 0/22 Timer 08:00
1 Play Today
Hint Answer % Correct
Porky Pig's closing catch phraseThat's All Folks
82.9%
Motto of The Three Musketeersall for one, one for all
79.5%
... and all the King's men, couldn't put Humpty together againAll the King's horses
73.6%
Sitcom featuring Archie BunkerAll in the Family
68.9%
Shakespeare comedy about the lovers Claudio and HeroMuch Ado About Nothing
65.1%
Exhibition sporting event between the best playersAll-Star Game
62.3%
U.S. Soap opera since 1970 with over 10,000 episodesAll My Children
52.4%
Dire Straits song with the chorus 'I Want my MTV'Money for Nothing
36.6%
Bob Dylan song covered by many including Jimi Hendrix and U2All Along the Watchtower
36%
Popular Sinéad O'Connor cover of a song written by PrinceNothing Compares 2 U
35.7%
Me and Bobby McGee lyric: 'Freedom's just another word for...'nothing left to lose
32.3%
Hint Answer % Correct
1928 novel and 1930 best picture winning film about World War IAll Quiet on the Western Front
30.4%
Shakespeare play about Betram and HelenaAll's Well That Ends Well
28%
1991 Metallica song on their self-titled 5th albumNothing Else Matters
22.8%
Millard Fillmore's party in election of 1856Know-Nothing Party
22.4%
1950 drama starring Bette Davis nominated for 14 OscarsAll About Eve
21.1%
Venue for the Wimbledon ChampionshipsAll England Club
21.1%
1997 buddy film starring Martin Lawrence and Tim RobbinsNothing to Lose
18.2%
1972 childrens novel written by Judy BlumeTales of a Fourth Grade Nothing
10.3%
1943 philosophical treatise on consciousness written by Jean-Paul SartreBeing and Nothingness
4.9%
Jackie Gleason's last filmNothing in Common
4.4%
Original title of the book which 'Die Hard' was based onNothing Lasts Forever
1.3%

You're not logged in!

Compare scores with friends on all Sporcle quizzes.
OR
Log In
Forgot?

From the Vault

Spanish: Opposite Infinitives

by LTH

These words will come in handy the next time 'Opposite Day' comes around.
Remove Ads.
Support Sporcle.
Get the best of Sporcle when you Go Orange. This ad-free experience offers more features, more stats, and more fun while also helping to support Sporcle. Thank you for becoming a member.

Show Comments

Extras

Top Quizzes Today


Score Distribution

Your Account Isn't Verified!

In order to create a playlist on Sporcle, you need to verify the email address you used during registration. Go to your Sporcle Settings to finish the process.

Report this User

Report this user for behavior that violates our Community Guidelines.

Details: